The illustrated encyclopedia of butterflies
| Main Author: | |
|---|---|
| Format: | Book |
| Published: |
London, UK :
Grange Books ,
2001.
|
| Subjects: |
MARC
| LEADER | 00000cam a2200000 7i4500 | ||
|---|---|---|---|
| 001 | 0000003538 | ||
| 005 | 20060413.0 | ||
| 020 | 0 | 0 | |a 1840131705 |
| 090 | 0 | 0 | |a 595.78903 |b FEL |
| 100 | 1 | 0 | |a Feltwell, John, Dr. , |d 1948- |
| 245 | 1 | 0 | |a The illustrated encyclopedia of butterflies |c Dr. John Feltwell |
| 260 | 0 | 0 | |a London, UK : |b Grange Books , |c 2001. |
| 300 | |a 288p. : |b ill., Col. ; |c 29 cm. | ||
| 650 | 0 | 0 | |a Butterflies |
| 999 | |a 0000006886 |b Monograph |c Open Shelf |e Default branch | ||